[Event "Challenge"]
[Site "http://www.queenalice.com/game.php?id=882512"]
[Date "2011.1.7"]
[Round "-"]
[White "skimonline"]
[Black "calantone"]
[Result "0-1"]
[WhiteElo "1265"]
[BlackElo "1413"]

1. a4 Nf6 2. Nc3 e5 3. Nf3 d6 4. e4 d5 5. d3 d4 6. Ne2 Bb4+ 7. Bd2 Bxd2+ 8. Qxd2
O-O 9. O-O-O Bd7 10. b3 Ng4 11. Qe1 Nc6 12. h3 Nf6 13. g4 Be6 14. Ng5 Qd6 15. f4
Bd7 16. Ng3 Nxg4 17. hxg4 exf4 18. Nf5 Qb4 19. Nxh7 Rfd8 20. Qh4 Qa3+ 21. Kd2
Ne5 22. Ne7+ Qxe7 23. Qxe7 Ng6 24. Qb4 Bxg4 25. Qxb7 Bxd1 26. Kxd1 f3 27. Qxc7
Nf8 28. Rh3 Nxh7 29. Rxf3 Ng5 30. Rxf7 Nxf7 31. e5 Rdc8 32. Qd7 Rd8 33. Qe6 Re8
34. Qa6 Nxe5 35. Bh3 Nf3 36. Be6+ Kf8 37. Bd5 Re1# 0-1

[Event "Visa 3"]
[Site "http://www.queenalice.com/game.php?id=894223"]
[Date "2011.2.1"]
[Round "-"]
[White "calantone"]
[Black "FC"]
[Result "0-1"]
[WhiteElo "1403"]
[BlackElo "1639"]

1. d4 e6 2. Nc3 Bb4 3. Bd2 Nc6 4. e3 Nf6 5. Bc4 O-O 6. Nf3 Ng4 7. O-O Bd6 8. d5
Nce5 9. Nxe5 Nxe5 10. Bb5 a6 11. Be2 Qh4 12. g3 Qh3 13. Ne4 Be7 14. Bc3 f5 15.
Nc5 b6 16. Nd3 Nxd3 17. Bxd3 Bb7 18. Qf3 Bxd5 19. e4 fxe4 20. Qg2 Qxg2+ 21. Kxg2
exd3+ 22. Kg1 dxc2 23. f4 Bc5+ 24. Rf2 Be3 25. Be1 c1=Q 26. Rxc1 Bxc1 27. Rc2
Be3+ 28. Bf2 Bxf2+ 29. Kxf2 e5 30. Rd2 c6 31. b4 exf4 32. g4 Rae8 33. a4 f3 34.
h4 Re2+ 35. Rxe2 fxe2+ 36. Kxe2 Bf3+ 37. Kd3 Bxg4 38. Kd4 a5 39. b5 c5+ 40. Kd5
Bf3+ 41. Kd6 c4 42. Kxd7 c3 43. Kc7 Rf6 44. Kd7 c2 45. Ke7 c1=Q 46. h5 Qc7+ 47.
Ke8 Rf8# 0-1

[Event "VISA 3"]
[Site "http://www.queenalice.com/game.php?id=903779"]
[Date "2011.2.22"]
[Round "-"]
[White "calantone"]
[Black "TON7"]
[Result "1-0"]
[WhiteElo "1378"]
[BlackElo "1410"]

1. Nc3 d5 2. e4 c6 3. Nf3 Bg4 4. exd5 cxd5 5. h3 Bxf3 6. Qxf3 Nf6 7. Bb5+ Nbd7
8. Nxd5 e6 9. Nxf6+ Qxf6 10. Qxb7 Rb8 11. Qxd7# 1-0

[Event "VISA 3"]
[Site "http://www.queenalice.com/game.php?id=906230"]
[Date "2011.2.27"]
[Round "-"]
[White "TON7"]
[Black "calantone"]
[Result "1-0"]
[WhiteElo "1364"]
[BlackElo "1407"]

1. e4 d5 2. e5 Bf5 3. d4 Nc6 4. Nf3 Qd7 5. Nc3 O-O-O 6. Ng5 Bg4 7. Be2 Bxe2 8.
Qxe2 Nb4 9. Nxf7 Qf5 10. Nxh8 Nxc2+ 11. Kf1 Nxa1 12. g4 Qe6 13. Qf3 Nc2 14. Qd3
Nb4 15. Qxh7 Nh6 16. a3 Nc6 17. Ng6 Qxg4 18. Ne2 Qf3 19. Rg1 Nxd4 20. Nxd4 Qh3+
21. Rg2 Qd3+ 22. Ke1 Qxd4 23. Nxf8 Rxf8 24. Qxg7 Qxe5+ 25. Kf1 Qxg7 26. Rxg7 Nf5
27. Rg4 e5 28. h4 d4 29. h5 Rh8 30. Rg5 Nh4 31. Rxe5 Nf3 32. Rf5 Nh2+ 33. Ke1 d3
34. Rd5 Nf3+ 35. Kd1 Rd8 36. Rxd8+ Kxd8 37. h6 Ne5 38. h7 Ng6 39. f4 Nh8 40. b4
Ke7 41. Bb2 Ke6 42. Bxh8 Kf7 43. Bd4 c5 44. h8=Q Kg6 45. Qf6+ Kh5 46. Qg5# 1-0

[Event "Freguês"]
[Site "http://www.queenalice.com/game.php?id=907291"]
[Date "2011.3.1"]
[Round "-"]
[White "heberesteves"]
[Black "calantone"]
[Result "1-0"]
[WhiteElo "1614"]
[BlackElo "1423"]

1. e4 d5 2. e5 Nc6 3. d4 Be6 4. c3 Qd7 5. Na3 Bg4 6. Be2 Nh6 7. Bxh6 Bf5 8. Bf4
O-O-O 9. Nf3 Na5 10. Ng5 e6 11. b4 Nc4 12. Nxc4 dxc4 13. Bxc4 h6 14. Nf3 Bg4 15.
a4 f6 16. a5 Qc6 17. O-O Qxc4 18. Qc2 fxe5 19. Bxe5 Bd6 20. Bxg7 Bf5 21. Qd1
Qxc3 22. Bxh8 Rxh8 23. b5 Bc2 24. Qd2 Qb2 25. a6 Bb4 26. Qe2 Re8 27. d5 bxa6 28.
Rxa6 Kb7 29. Ne5 Bd6 30. Nc4 Qxb5 31. Nxd6+ cxd6 32. Qxb5+ Kc7 33. Qxe8 Kb7 34.
Rxd6 Be4 35. Qe7+ Kc8 36. Rd8# 1-0

[Event "Freguês II"]
[Site "http://www.queenalice.com/game.php?id=907292"]
[Date "2011.3.1"]
[Round "-"]
[White "calantone"]
[Black "heberesteves"]
[Result "0-1"]
[WhiteElo "1415"]
[BlackElo "1622"]

1. Nf3 Nc6 2. d4 d5 3. Ne5 Nb4 4. e3 Bf5 5. Nxf7 Kxf7 6. Bb5 Nxc2+ 7. Ke2 Nxa1
8. Nc3 c6 9. Bd3 Qd7 10. Bd2 Bxd3+ 11. Kxd3 Qf5+ 12. e4 dxe4+ 13. Nxe4 Qb5+ 14.
Ke3 Qxb2 15. Bc3 Qxa2 16. Bxa1 Qe6 17. Kd3 Rd8 18. Ng5+ Kf6 19. Nxh7+ Kg6 20.
Nxf8+ Rxf8 21. g4 Rh3+ 22. f3 Rfxf3+ 23. Kc2 Qc4+ 24. Bc3 Qa2+ 25. Bb2 Rf2+ 26.
Qd2 Rxd2+ 27. Kxd2 Qxb2+ 28. Ke1 Qc1+ 29. Ke2 Qe3+ 30. Kd1 Rf3 31. Re1 Qd3+ 32.
Kc1 Qc3+ 33. Kb1 Rf2 34. Re6+ Kf7 35. Re5 Qb2# 0-1

[Event "Challenge"]
[Site "http://www.queenalice.com/game.php?id=913680"]
[Date "2011.3.17"]
[Round "-"]
[White "reivipviana"]
[Black "calantone"]
[Result "1-0"]
[WhiteElo "1615"]
[BlackElo "1363"]

1. e4 d5 2. e5 e6 3. d4 Bb4+ 4. c3 Be7 5. Nf3 Nh6 6. Bd3 Ng4 7. Nfd2 Bh4 8. Qxg4
O-O 9. Nf3 Be7 10. Bh6 g6 11. Bxf8 Qxf8 12. O-O Qh6 13. h3 Nc6 14. b4 f5 15.
Bxf5 exf5 16. Qg3 f4 17. Qh2 Bf5 18. b5 Bd3 19. Re1 Na5 20. Rd1 Be2 21. Rd2 Bxf3
22. gxf3 Qg5+ 23. Kf1 Nc4 24. Rc2 c6 25. h4 Qf5 26. Rc1 Qd3+ 27. Kg2 1-0

[Event "Challenge"]
[Site "http://www.queenalice.com/game.php?id=922755"]
[Date "2011.4.7"]
[Round "-"]
[White "FC"]
[Black "calantone"]
[Result "1-0"]
[WhiteElo "1641"]
[BlackElo "1389"]

1. e4 d5 2. e5 Be6 3. d4 Nc6 4. Bb5 Qd7 5. Nf3 O-O-O 6. O-O f6 7. Nc3 fxe5 8.
dxe5 a6 9. Bxc6 Qxc6 10. a4 Qc4 11. Nd4 Bd7 12. e6 Be8 13. b3 Qb4 14. Nce2 Nf6
15. Bg5 c5 16. c3 Qb6 17. a5 Qc7 18. Nf5 Ne4 19. Bf4 Qc6 20. c4 dxc4 21. Qb1
Qxe6 22. Rd1 Qxf5 23. bxc4 e5 24. Rxd8+ Kxd8 25. Qd1+ 1-0

[Event "Challenge"]
[Site "http://www.queenalice.com/game.php?id=922756"]
[Date "2011.4.7"]
[Round "-"]
[White "calantone"]
[Black "FC"]
[Result "0-1"]
[WhiteElo "1383"]
[BlackElo "1647"]

1. e4 e5 2. d4 Bd6 3. d5 Nf6 4. Bb5 Nxe4 5. Qg4 Nf6 6. Qf5 O-O 7. Nf3 a6 8. Bd3
e4 9. Ng5 exd3 10. cxd3 Bb4+ 11. Nd2 d6 12. Qf4 Nxd5 13. Qe4 Qxg5 14. a3 Bc5 15.
Nb3 Qe5 16. O-O Qxe4 17. dxe4 Nf6 18. Nxc5 Nc6 19. Na4 Nxe4 20. Nc3 Nxc3 21.
bxc3 b5 22. Re1 Bf5 23. Re3 Rae8 24. Bd2 Rxe3 25. fxe3 Ne5 0-1

[Event "La vamos nós"]
[Site "http://www.queenalice.com/game.php?id=926394"]
[Date "2011.4.15"]
[Round "-"]
[White "heberesteves"]
[Black "calantone"]
[Result "1-0"]
[WhiteElo "1590"]
[BlackElo "1370"]

1. e4 e5 2. d4 Nc6 3. d5 Nd4 4. Nf3 Nxf3+ 5. Qxf3 d6 6. b4 Nf6 7. Bb2 Be7 8. Nd2
Ng4 9. c4 Bh4 10. g3 Bg5 11. Bc3 O-O 12. Bh3 Nh6 13. Bxc8 Rxc8 14. O-O c5 15. b5
a6 16. bxa6 1-0

[Event "La vamos nós"]
[Site "http://www.queenalice.com/game.php?id=926396"]
[Date "2011.4.15"]
[Round "-"]
[White "calantone"]
[Black "heberesteves"]
[Result "0-1"]
[WhiteElo "1378"]
[BlackElo "1582"]

1. Nf3 Nc6 2. e4 e5 3. Bc4 Na5 4. Bd5 d6 5. Ng5 Qxg5 6. Qf3 Nf6 7. O-O Bg4 8.
Qg3 h6 9. d3 Qh5 10. Nc3 c6 11. Bb3 b5 12. Be3 b4 13. f3 Bd7 14. Na4 Be7 15. c4
bxc3 0-1

[Event "Challenge"]
[Site "http://www.queenalice.com/game.php?id=927926"]
[Date "2011.4.19"]
[Round "-"]
[White "kleberrocha"]
[Black "calantone"]
[Result "1-0"]
[WhiteElo "1343"]
[BlackElo "1357"]

1. e4 g6 2. e5 e6 3. d4 Bb4+ 4. c3 Be7 5. Nf3 d6 6. Bf4 d5 7. h4 Nc6 8. Qa4 Bd7
9. Bb5 b6 10. Bxc6 Rb8 11. Bxd7+ Qxd7 12. Qxa7 Qc8 13. b4 Rb7 14. Qa4+ 1-0

[Event "Challenge"]
[Site "http://www.queenalice.com/game.php?id=927929"]
[Date "2011.4.19"]
[Round "-"]
[White "calantone"]
[Black "kleberrocha"]
[Result "0-1"]
[WhiteElo "1340"]
[BlackElo "1403"]

1. b3 e5 2. Ba3 d6 3. d4 Qf6 4. Nf3 e4 5. Nfd2 Qxd4 6. Bb2 Qxb2 7. Nc3 Qxc3 8.
g3 Nf6 9. e3 Nc6 10. Bc4 Nb4 11. a3 Bg4 12. Qc1 Nxc2+ 13. Kf1 Bh3+ 14. Kg1 d5
0-1

[Event "Challenge"]
[Site "http://www.queenalice.com/game.php?id=945572"]
[Date "2011.6.3"]
[Round "-"]
[White "calantone"]
[Black "heberesteves"]
[Result "0-1"]
[WhiteElo "1289"]
[BlackElo "1590"]

1. d4 b5 2. Qd3 Ba6 3. Qe4 c6 4. d5 d6 5. dxc6 d5 6. Qe5 Nxc6 7. Qc3 Qc8 8. Qc5
Nf6 9. Qb6 Nb4 10. Nc3 Nxc2+ 11. Kd2 Nxa1 12. Nxb5 Rb8 13. Qc7 Rxb5 14. Qxa7
Qc2+ 0-1

[Event "Challenge"]
[Site "http://www.queenalice.com/game.php?id=945822"]
[Date "2011.6.3"]
[Round "-"]
[White "reivipviana"]
[Black "calantone"]
[Result "0-1"]
[WhiteElo "1452"]
[BlackElo "1285"]

1. e4 g6 2. e5 d6 3. Qf3 dxe5 4. Be2 Nc6 5. c3 Bh6 6. Bc4 Nf6 7. Ne2 O-O 8. O-O
e4 9. Qg3 Ng4 10. d3 exd3 11. Nd4 Bxc1 12. Rxc1 Nxd4 13. Qf4 Ne2+ 14. Kf1 Nxf4
15. g3 Nxh2+ 16. Ke1 Nf3+ 17. Kd1 d2 18. Nxd2 Qxd2# 0-1

[Event "Challenge"]
[Site "http://www.queenalice.com/game.php?id=945823"]
[Date "2011.6.3"]
[Round "-"]
[White "heberesteves"]
[Black "calantone"]
[Result "1-0"]
[WhiteElo "1586"]
[BlackElo "1293"]

1. e4 b6 2. Bc4 e5 3. d3 Bc5 4. Nf3 Qf6 5. O-O Nh6 6. Bg5 Qg6 7. h4 Ng4 8. Nc3
Nxf2 9. Qd2 O-O 10. Kh2 Qh5 11. Be3 Bxe3 12. Qxe3 Ng4+ 13. Kg1 Nxe3 14. Rf2 1-0

[Event "sem apela kkk"]
[Site "http://www.queenalice.com/game.php?id=971086"]
[Date "2011.8.10"]
[Round "-"]
[White "calantone"]
[Black "estouchegando"]
[Result "0-1"]
[WhiteElo "1304"]
[BlackElo "1625"]

1. d3 e5 2. Nf3 Nc6 3. d4 e4 4. Ne5 Qf6 5. Nxc6 bxc6 6. d5 Bc5 7. e3 Ne7 8. dxc6
Nxc6 9. Bc4 Ne5 10. Bd5 c6 11. Bxe4 d5 12. f4 Bg4 13. Qd2 dxe4 14. fxe5 Qxe5 15.
O-O O-O 16. Nc3 Rad8 17. Qe1 Bd6 18. Rf4 Qh5 19. Nxe4 Bxf4 20. h3 Rd1 21. hxg4
Rxe1+ 22. Kf2 Qh4+ 23. Kf3 Rf1+ 24. Ke2 Qe1+ 25. Kd3 Qd1+ 26. Nd2 Rd8+ 27. Kc3
Be5+ 28. Kc4 Qxc2+ 29. Kb4 Rb8+ 30. Ka5 Bc7+ 31. Ka6 Qa4# 0-1

[Event "sem apela kkk"]
[Site "http://www.queenalice.com/game.php?id=971087"]
[Date "2011.8.10"]
[Round "-"]
[White "estouchegando"]
[Black "calantone"]
[Result "1-0"]
[WhiteElo "1604"]
[BlackElo "1308"]

1. e4 Nf6 2. Nc3 d5 3. e5 Ne4 4. Qf3 Nxc3 5. dxc3 d4 6. Bd2 e6 7. O-O-O dxc3 8.
Bxc3 Bc5 9. Rxd8+ Kxd8 10. Qxf7 g6 11. Qf6+ Be7 12. Qxh8+ Kd7 13. Qxh7 g5 14.
Bb5+ c6 15. Bb4 cxb5 16. Qxe7+ Kc6 17. Qd6# 1-0